000 00635nam a2200241Ia 4500
003 OSt
005 20221005052539.0
006 a|||||r|||| 00| 0
007 ta
008 221004b |||||||| |||| 00| 0 eng d
020 _a1857151399
024 _a26772
037 _cTextual
040 _aCRL
_cCRL
_beng
041 _2eng
_aeng
082 _aO122,3N13,16, 111N8
245 0 _aOutsider Introduction by Peter Dunwoodie
260 _aLondon
_bDavid campbell UK
_c1998
300 _a116
_ccm.
650 _aENGLISH LITERATURE
942 _hO122,3N13,16, 111N8
_cTEXL
_2cc
999 _c960569
_d960569